Loading...

പ്രപഞ്ചമുറ്റത്തെ വിശേഷങ്ങൾ

Bibliographic Details
Main Author: Rajagopal Kammath, A
Format: Printed Book
Published: Kottayam DC Books 2013
Subjects:
LEADER 00646nam a22001817a 4500
003 OSt
020 |a 909788126449170 
082 |a 523.1  |b RAJ/PR 
100 |a Rajagopal Kammath, A 
245 |a പ്രപഞ്ചമുറ്റത്തെ വിശേഷങ്ങൾ  
260 |a Kottayam  |b DC Books   |c 2013 
300 |a 256 pages; 
500 |a Prapancha muttathe viseshangal 
650 |a Cosmology 
650 |a Malayalam Literature 
942 |2 ddc  |c BK 
999 |c 139451  |d 139451 
952 |0 0  |1 0  |2 ddc  |4 0  |6 523_100000000000000_RAJPR  |7 0  |9 138901  |a KAUCLV  |b KAUCLV  |c GENERAL  |d 2014-07-01  |g 150.00  |l 1  |o 523.1 RAJ/PR  |p 223615  |r 2017-12-28  |s 2017-10-29  |w 2014-07-01  |y BK